[Event "zonal 1.8"]
[Site "Minsk BLR"]
[Date "2000.06.02"]
[Round "7"]
[White "Azarov, Sergei"]
[Black "Iordachescu, Viorel"]
[Result "1/2-1/2"]
[WhiteElo "2429"]
[BlackElo "2560"]
[EventDate "2000.05.26"]
[PlyCount "98"]

1.e4 g6 2.d4 Bg7 3.Nf3 d6 4.Be2 Nf6 5.Nc3 O-O 6.O-O c6 7.a4 Nbd7 8.a5 Qc7 
9.Be3 d5 10.e5 Ng4 11.Bd2 e6 12.Qc1 f6 13.Ng5 Ndxe5 14.dxe5 Nxe5 15.Nf3 
Nf7 16.b4 e5 17.Na4 f5 18.Bc3 f4 19.Nc5 g5 20.h3 g4 21.hxg4 Bxg4 22.Re1 
Rae8 23.Qd2 b6 24.axb6 axb6 25.Nb3 Bc8 26.Rad1 Kh8 27.b5 Bb7 28.bxc6 Qxc6 
29.Bf1 Rg8 30.Nc1 Qh6 31.Nd3 d4 32.Ndxe5 Rxe5 33.Nxe5 Nxe5 34.Rxe5 dxc3 
35.Qxc3 Qg6 36.Rde1 Bxg2 37.Bxg2 Qxg2+ 38.Kxg2 Bxe5+ 39.Qg3 fxg3 40.Rxe5 
gxf2+ 41.Kxf2 Rc8 42.Re2 Kg7 43.Ke1 Rc6 44.Re7+ Kg6 45.Re5 h5 46.Kf1 h4 
47.Rb5 Kg7 48.Kg2 Rxc2+ 49.Kh3 Rc6 1/2-1/2

[Event "zonal 1.8"]
[Site "Minsk BLR"]
[Date "2000.06.02"]
[Round "7"]
[White "Deseatnicov, Ivan"]
[Black "Kovalev, Andrei"]
[Result "0-1"]
[WhiteElo "2266"]
[BlackElo "2490"]
[EventDate "2000.05.26"]
[PlyCount "66"]

1.e4 c5 2.c3 e6 3.d4 d5 4.exd5 exd5 5.Nf3 Nc6 6.Bb5 Bd6 7.dxc5 Bxc5 8.O-O 
Ne7 9.Nbd2 O-O 10.Nb3 Bb6 11.Nfd4 Qd6 12.Re1 Bc7 13.g3 Ng6 14.Bf1 a6 15.
Bg2 Nce5 16.Nc2 Bg4 17.Qxd5 Qxd5 18.Bxd5 Bf3 19.Ne3 Bxd5 20.Nxd5 Nf3+ 21.
Kf1 Nxe1 22.Nxc7 Rac8 23.Nxa6 Nc2 24.Rb1 bxa6 25.Bd2 a5 26.Nxa5 Ra8 27.b4 
Rad8 28.Ke2 Rfe8+ 29.Kd1 Re1+ 30.Kxc2 Rxb1 31.Kxb1 Rxd2 32.b5 Ne5 33.a4 
Kf8 0-1

[Event "zonal 1.8"]
[Site "Minsk BLR"]
[Date "2000.06.02"]
[Round "7"]
[White "Khruschiov, Alexei"]
[Black "Ibrahimov, Rasul"]
[Result "1-0"]
[WhiteElo "2281"]
[BlackElo "2415"]
[EventDate "2000.05.26"]
[PlyCount "81"]

1.e4 c5 2.Nf3 d6 3.d4 cxd4 4.Nxd4 Nf6 5.Nc3 Nc6 6.Bg5 e6 7.Qd2 Be7 8.O-O-O
O-O 9.f4 h6 10.h4 Nxd4 11.Qxd4 hxg5 12.hxg5 Ng4 13.e5 Bxg5 14.fxg5 Qxg5+ 
15.Kb1 dxe5 16.Qd6 Nh6 17.Bd3 f5 18.g4 Rd8 19.Qxe5 Nxg4 20.Qe2 Qe3 21.Qg2 
Bd7 22.Rh3 Qe5 23.Qh1 Bc6 24.Rh8+ Kf7 25.Qh5+ Ke7 26.Rh7 Qf6 27.Rf1 Rf8 
28.Be4 Rad8 29.a3 Rd4 30.Bxc6 bxc6 31.Qh1 Rc4 32.Qg1 c5 33.Qg3 Kf7 34.Nb5 
Rd4 35.Nxd4 cxd4 36.Rfh1 Re8 37.Rh8 Rxh8 38.Rxh8 a6 39.Qh3 Qg6 40.Ra8 e5 
41.Qb3+ 1-0

[Event "zonal 1.8"]
[Site "Minsk BLR"]
[Date "2000.06.02"]
[Round "7"]
[White "Kupreichik, Viktor"]
[Black "Dovliatov, Sanan"]
[Result "1-0"]
[WhiteElo "2480"]
[BlackElo "2327"]
[EventDate "2000.05.26"]
[PlyCount "55"]

1.e4 e5 2.Nf3 Nc6 3.Bb5 a6 4.Ba4 Nf6 5.O-O Be7 6.Re1 O-O 7.Bxc6 dxc6 8.
Nxe5 Re8 9.Nf3 Bg4 10.h3 Bh5 11.Nc3 Qd7 12.d3 Rad8 13.Bf4 h6 14.Qe2 Bf8 
15.Qe3 Nd5 16.Nxd5 cxd5 17.g4 Bg6 18.Ne5 Rxe5 19.Bxe5 Re8 20.Qd4 h5 21.
exd5 hxg4 22.hxg4 c5 23.dxc6 Qxc6 24.Bg3 Rc8 25.c4 Bc5 26.Qd5 Qb6 27.Qd7 
Rf8 28.b3 1-0

[Event "zonal 1.8"]
[Site "Minsk BLR"]
[Date "2000.06.02"]
[Round "7"]
[White "Svetuschin, Dumitru"]
[Black "Gashimov, Vugar"]
[Result "1-0"]
[WhiteElo "2486"]
[BlackElo "2426"]
[EventDate "2000.05.26"]
[PlyCount "123"]

1.e4 c5 2.Nf3 d6 3.d4 cxd4 4.Nxd4 Nf6 5.f3 e5 6.Nb3 Be6 7.c4 Nbd7 8.Be3 
Rc8 9.Na3 a6 10.Be2 Be7 11.O-O O-O 12.Rc1 Nh5 13.g3 Bg5 14.Qd2 Bxe3+ 15.
Qxe3 Qb6 16.Qxb6 Nxb6 17.Rfd1 Rfd8 18.c5 dxc5 19.Nxc5 Rxd1+ 20.Rxd1 Bxa2 
21.Nxb7 Kf8 22.Bxa6 Ra8 23.Nc5 Na4 24.Nxa4 Rxa6 25.Nc5 Ra5 26.Rd8+ Ke7 27.
Rd7+ Ke8 28.Rc7 Nf6 29.Kf2 Kd8 30.Rc6 Ra8 31.Nd3 Nd7 32.Ke3 f6 33.f4 Rb8 
34.Nc4 Bb1 35.fxe5 Rb3 36.Rd6 Ke7 37.Kd2 Nxe5 38.Ndxe5 fxe5 39.Rd5 Kf6 40.
Rd6+ Ke7 41.Rd5 Kf6 42.Kc1 Bxe4 43.Rxe5 Bd3 44.Rc5 Bf5 45.Nd2 Re3 46.b4 
Re1+ 47.Kb2 Re2 48.Kc3 Rxh2 49.b5 Re2 50.b6 Re7 51.Nc4 Be4 52.Kd4 Bf3 53.
Rc7 h5 54.Nd6 g5 55.Rc3 Bg2 56.Rc2 Bf3 57.Rf2 g4 58.b7 Rxb7 59.Nxb7 Kg5 
60.Nd6 h4 61.gxh4+ Kf4 62.Ne4 1-0

[Event "zonal 1.8"]
[Site "Minsk BLR"]
[Date "2000.06.02"]
[Round "7"]
[White "Zulfugarli, Mahomed"]
[Black "Alexandrov, Alexei"]
[Result "1/2-1/2"]
[WhiteElo "2479"]
[BlackElo "2606"]
[EventDate "2000.05.26"]
[PlyCount "98"]

1.e4 e5 2.Nf3 Nc6 3.Bb5 Nf6 4.O-O Nxe4 5.d4 Nd6 6.Bxc6 dxc6 7.dxe5 Nf5 8.
Qxd8+ Kxd8 9.Nc3 Ke8 10.h3 a5 11.Ne2 Ne7 12.Ng3 a4 13.a3 h6 14.Re1 c5 15.
Bd2 Be6 16.Rad1 Rd8 17.Ne4 Nd5 18.g4 b5 19.Kg2 Kd7 20.c4 bxc4 21.Nc3 Kc6 
22.Nxa4 Rb8 23.Rb1 Be7 24.Nc3 Rhd8 25.Red1 h5 26.Nxd5 Rxd5 27.Bc3 hxg4 28.
hxg4 Rxd1 29.Rxd1 Bxg4 30.Kg3 Be6 31.Kf4 Rh8 32.Rg1 g6 33.Ng5 Bd5 34.Ke3 
Rh4 35.Rg3 Kb5 36.f4 Rh1 37.Rh3 Rg1 38.Nxf7 Be6 39.Rh7 Rg3+ 40.Kf2 Rg4 41.
Kf3 Bh4 42.Ng5 Rg3+ 43.Ke2 Bxg5 44.fxg5 Kc6 45.Re7 Bf5 46.a4 Rxg5 47.a5 
Rg1 48.Kf2 Rd1 49.Rg7 Rd3 1/2-1/2

[Event "zonal 1.8"]
[Site "Minsk BLR"]
[Date "2000.06.03"]
[Round "8"]
[White "Alexandrov, Alexei"]
[Black "Gashimov, Vugar"]
[Result "1-0"]
[WhiteElo "2606"]
[BlackElo "2426"]
[EventDate "2000.05.26"]
[PlyCount "129"]

1.d4 Nf6 2.c4 e6 3.Nc3 Bb4 4.e3 Bxc3+ 5.bxc3 c5 6.Bd3 d6 7.Ne2 O-O 8.e4 
Nc6 9.f4 e5 10.d5 Na5 11.O-O exf4 12.Bxf4 Ng4 13.Nc1 Ne5 14.Bxe5 dxe5 15.
Nb3 Nxb3 16.axb3 Qd6 17.Qd2 a5 18.b4 b6 19.Rfb1 Bd7 20.Ra2 Ra7 21.Qb2 Rfa8
22.h3 Kf8 23.Kh1 Ke7 24.bxc5 bxc5 25.Qa3 a4 26.Rab2 Ra6 27.Be2 Kf8 28.Rb7 
Bc8 29.R7b5 Bd7 30.Rxc5 Ke7 31.Qb4 a3 32.Rb5 Qxb4 33.R5xb4 a2 34.Ra1 Ra5 
35.Rb6 Rc5 36.Kg1 Ra3 37.Kf2 Rca5 38.Rb2 Kd6 39.Ke1 f5 40.exf5 Bxf5 41.Kd2
e4 42.g4 Bd7 43.Bd1 Kc5 44.Bb3 h5 45.gxh5 Bxh3 46.Rbxa2 Rxa2+ 47.Rxa2 
Rxa2+ 48.Bxa2 Bg4 49.Ke3 Bxh5 50.Kxe4 Bg4 51.Kf4 Bd7 52.Kg5 Be8 53.Bb3 Bf7
54.Kf4 Bh5 55.Ba4 Be2 56.Bb5 Bd1 57.Be8 Be2 58.Bb5 Bd1 59.Kf5 Bc2+ 60.Ke6 
g5 61.d6 Bd1 62.Ke7 Bg4 63.Bd7 Bd1 64.Be8 Bg4 65.Bf7 1-0

[Event "zonal 1.8"]
[Site "Minsk BLR"]
[Date "2000.06.03"]
[Round "8"]
[White "Iordachescu, Viorel"]
[Black "Kupreichik, Viktor"]
[Result "1-0"]
[WhiteElo "2560"]
[BlackElo "2480"]
[EventDate "2000.05.26"]
[PlyCount "71"]

1.e4 c5 2.Nf3 Nc6 3.d4 cxd4 4.Nxd4 Qb6 5.Nb3 Nf6 6.Nc3 e6 7.Be3 Qc7 8.Bd3 
a6 9.f4 d6 10.Qf3 Be7 11.O-O Rb8 12.a4 O-O 13.a5 Nd7 14.Kh1 Nb4 15.Qg3 Kh8
16.Bd4 e5 17.fxe5 dxe5 18.Nd5 Nxd5 19.exd5 Qd6 20.Bc3 Qxd5 21.Rad1 Qc6 22.
Nd2 Ra8 23.Nc4 f6 24.Qh4 h6 25.Bd2 Rf7 26.Qh5 Kg8 27.Qg6 Nf8 28.Qxf7+ Kxf7
29.Nxe5+ Ke8 30.Nxc6 bxc6 31.Be4 Bd7 32.Be3 Bd8 33.b4 Rb8 34.c3 Ne6 35.
Bg6+ Ke7 36.Rfe1 1-0

[Event "zonal 1.8"]
[Site "Minsk BLR"]
[Date "2000.06.03"]
[Round "8"]
[White "Kovalev, Andrei"]
[Black "Khruschiov, Alexei"]
[Result "1-0"]
[WhiteElo "2490"]
[BlackElo "2281"]
[EventDate "2000.05.26"]
[PlyCount "89"]

1.e4 c5 2.Nf3 e6 3.d3 Nc6 4.g3 g6 5.Bg2 Bg7 6.O-O d6 7.c3 e5 8.a3 Nge7 9.
b4 O-O 10.Be3 b6 11.b5 Nb8 12.d4 exd4 13.cxd4 a6 14.Nc3 Bb7 15.Qd3 Nd7 16.
Rfd1 axb5 17.Nxb5 d5 18.exd5 Nxd5 19.Bg5 Qb8 20.Rab1 cxd4 21.Nfxd4 Ne5 22.
Qb3 Nf6 23.f4 Ned7 24.Nc6 Bxc6 25.Bxc6 Nc5 26.Qf3 Ra5 27.f5 Qe5 28.Nd6 Na4
29.Rbc1 Nb2 30.Bf4 Qe7 31.Re1 Qa7 32.fxg6 hxg6 33.Nb5 Qa6 34.Be5 Rxb5 35.
Qe2 Ra5 36.Qxb2 Nh5 37.Bxg7 Nxg7 38.a4 Rh5 39.Rb1 Rb8 40.Re7 Qa5 41.Bb5 
Rd8 42.Re2 Rhd5 43.Rf1 Rd1 44.Qf6 Qa7 45.Re7 1-0

[Event "zonal 1.8"]
[Site "Minsk BLR"]
[Date "2000.06.03"]
[Round "8"]
[White "Zulfugarli, Mahomed"]
[Black "Deseatnicov, Ivan"]
[Result "1-0"]
[WhiteElo "2479"]
[BlackElo "2266"]
[EventDate "2000.05.26"]
[PlyCount "61"]

1.e4 d5 2.exd5 Nf6 3.d4 Nxd5 4.c4 Nb6 5.Nf3 g6 6.c5 Nd5 7.Nc3 Bg7 8.Bc4 c6
9.O-O O-O 10.Re1 b6 11.Bg5 Re8 12.Qb3 Be6 13.Nxd5 cxd5 14.Bb5 Rf8 15.cxb6 
axb6 16.Qb4 Ra7 17.a4 h6 18.Bh4 g5 19.Bg3 Bf6 20.h4 Bd7 21.hxg5 hxg5 22.
Qd2 Bxb5 23.axb5 Rxa1 24.Rxa1 Qd7 25.Ra8 Qb7 26.Ra3 Qd7 27.Nxg5 Qxb5 28.
Bxb8 Rxb8 29.Rg3 Qc6 30.Ne6+ Kh7 31.Qd3+ 1-0

[Event "zonal 1.8"]
[Site "Minsk BLR"]
[Date "2000.06.04"]
[Round "9"]
[White "Azarov, Sergei"]
[Black "Kovalev, Andrei"]
[Result "1/2-1/2"]
[WhiteElo "2429"]
[BlackElo "2490"]
[EventDate "2000.05.26"]
[PlyCount "86"]

1.e4 d6 2.d4 Nf6 3.Nc3 g6 4.Nf3 Bg7 5.Be2 O-O 6.O-O a6 7.a4 b6 8.h3 Bb7 9.
e5 dxe5 10.dxe5 Nfd7 11.e6 fxe6 12.Ng5 Nc5 13.Be3 Nbd7 14.Bc4 Kh8 15.Qg4 
Nf6 16.Qh4 Qd6 17.Bxc5 Qxc5 18.Nxe6 Qc6 19.f3 Qd6 20.Bb3 b5 21.axb5 axb5 
22.Rad1 Qb6+ 23.Qf2 c5 24.Qxc5 Qxc5+ 25.Nxc5 b4 26.Nb5 Ra5 27.Nxb7 Rxb5 
28.Nd8 Nd5 29.Ne6 Ne3 30.Nxf8 Nxd1 31.Ne6 Ne3 32.Re1 Nf5 33.Nxg7 Kxg7 34.
g4 Nd4 35.Rxe7+ Kf6 36.Rf7+ Kg5 37.Kf2 h5 38.Kg3 Ne2+ 39.Kf2 Nd4 40.Rd7 
Nxb3 41.cxb3 Kh4 42.gxh5 gxh5 43.Kg2 Rd5 1/2-1/2

[Event "zonal 1.8"]
[Site "Minsk BLR"]
[Date "2000.06.04"]
[Round "9"]
[White "Deseatnicov, Ivan"]
[Black "Alexandrov, Alexei"]
[Result "1-0"]
[WhiteElo "2266"]
[BlackElo "2606"]
[EventDate "2000.05.26"]
[PlyCount "97"]

1.e4 e5 2.Nf3 Nc6 3.Nc3 Nf6 4.Bb5 Nd4 5.Nxd4 exd4 6.e5 dxc3 7.exf6 Qxf6 8.
dxc3 Bc5 9.O-O O-O 10.Qh5 b6 11.Qg5 Be7 12.Qxf6 Bxf6 13.Be3 a6 14.Bd3 Bb7 
15.Bd4 Be7 16.Rfe1 Rfe8 17.Re2 Bd6 18.Rae1 Rxe2 19.Rxe2 f6 20.c4 c5 21.Bc3
Bc6 22.h4 b5 23.b3 Kf7 24.h5 g6 25.hxg6+ hxg6 26.Be4 Bxe4 27.Rxe4 Rh8 28.
cxb5 axb5 29.a4 b4 30.Bb2 Be7 31.g3 d5 32.Re1 Bd6 33.Kg2 g5 34.Bc1 Be5 35.
f4 Bc3 36.Re2 g4 37.f5 Rh5 38.a5 Rxf5 39.a6 Rh5 40.Re8 Kxe8 41.a7 Kf7 42.
a8=Q c4 43.bxc4 Re5 44.Bf4 Re2+ 45.Kf1 Rxc2 46.Qxd5+ Kg7 47.Qd7+ Kh8 48.
Qc8+ Kg7 49.Qxg4+ 1-0

[Event "zonal 1.8"]
[Site "Minsk BLR"]
[Date "2000.06.04"]
[Round "9"]
[White "Kasparov, Sergei"]
[Black "Iordachescu, Viorel"]
[Result "1/2-1/2"]
[WhiteElo "2465"]
[BlackElo "2560"]
[EventDate "2000.05.26"]
[PlyCount "28"]

1.d4 Nf6 2.c4 e6 3.Nf3 b6 4.g3 Bb7 5.Bg2 Be7 6.O-O O-O 7.Nc3 Ne4 8.Nxe4 
Bxe4 9.Ne1 Bxg2 10.Nxg2 d5 11.Qa4 dxc4 12.Qxc4 c5 13.Be3 cxd4 14.Qxd4 Qc8 
1/2-1/2

[Event "zonal 1.8"]
[Site "Minsk BLR"]
[Date "2000.06.04"]
[Round "9"]
[White "Khruschiov, Alexei"]
[Black "Zulfugarli, Mahomed"]
[Result "1-0"]
[WhiteElo "2281"]
[BlackElo "2479"]
[EventDate "2000.05.26"]
[PlyCount "57"]

1.e4 c5 2.Nf3 d6 3.d4 cxd4 4.Nxd4 Nf6 5.Nc3 a6 6.Bg5 e6 7.f4 Nbd7 8.Qf3 
Qc7 9.O-O-O b5 10.e5 Bb7 11.Qh3 dxe5 12.Nxe6 fxe6 13.Qxe6+ Be7 14.Bxb5 
axb5 15.Nxb5 Qc6 16.Nd6+ Kd8 17.fxe5 Nd5 18.Bxe7+ Kc7 19.c4 Nxe7 20.Qxe7 
Kb8 21.Kb1 Nc5 22.Rhf1 Qxg2 23.a3 Bf3 24.Nb5 Rc8 25.Qd6+ Kb7 26.Rg1 Be4+ 
27.Ka2 Rxa3+ 28.Kxa3 Qf3+ 29.Nc3 1-0

[Event "zonal 1.8"]
[Site "Minsk BLR"]
[Date "2000.06.04"]
[Round "9"]
[White "Kupreichik, Viktor"]
[Black "Ibrahimov, Rasul"]
[Result "0-1"]
[WhiteElo "2480"]
[BlackElo "2415"]
[EventDate "2000.05.26"]
[PlyCount "66"]

1.e4 c5 2.Nc3 e6 3.Nf3 d6 4.d4 cxd4 5.Nxd4 Nf6 6.g4 h6 7.h4 Nc6 8.Rg1 h5 
9.g5 Ng4 10.Nb3 Qb6 11.Qe2 g6 12.Bh3 Bg7 13.Nb5 Nce5 14.Rg3 Bd7 15.Nc3 Rc8
16.a4 Nc4 17.Bxg4 hxg4 18.Qxg4 Qb4 19.Kf1 Nxb2 20.Bxb2 Bxc3 21.Rxc3 Rxc3 
22.Kg2 e5 23.Bxc3 Qxc3 24.Qf3 Qxf3+ 25.Kxf3 Rxh4 26.Na5 b6 27.Nc4 Ke7 28.
Ke3 d5 29.Nd2 dxe4 30.Nxe4 Bc6 31.f3 Ke6 32.a5 b5 33.a6 Rh2 0-1

[Event "zonal 1.8"]
[Site "Minsk BLR"]
[Date "2000.06.04"]
[Round "9"]
[White "Svetuschin, Dumitru"]
[Black "Dovliatov, Sanan"]
[Result "0-1"]
[WhiteElo "2486"]
[BlackElo "2327"]
[EventDate "2000.05.26"]
[PlyCount "110"]

1.e4 e5 2.Nf3 Nf6 3.d3 Nc6 4.c3 a5 5.Be2 d5 6.Nbd2 Bc5 7.O-O O-O 8.a4 Re8 
9.h3 h6 10.Nh2 Be6 11.Re1 Qe7 12.Bf3 Rad8 13.Qe2 Nh7 14.Bg4 Nf6 15.Bxe6 
fxe6 16.Ndf1 Rf8 17.Nf3 Nh5 18.g3 Rf6 19.Kg2 Rdf8 20.N1h2 Qf7 21.Be3 dxe4 
22.dxe4 Bxe3 23.fxe3 Qg6 24.g4 R6f7 25.Qc4 Nf6 26.Qxe6 Qxe4 27.Rf1 Nd5 28.
Rae1 Kh8 29.Kg1 Rxf3 30.Nxf3 Rxf3 31.Rxf3 Qxf3 32.Qc8+ Kh7 33.Qf5+ Qxf5 
34.gxf5 e4 35.Rd1 Nxe3 36.Rd7 Nxf5 37.Rxc7 e3 38.Rxb7 Ne5 39.b4 Nf3+ 40.
Kf1 Ng3+ 41.Kg2 e2 42.Re7 e1=Q 43.Rxe1 Nxe1+ 44.Kxg3 axb4 45.cxb4 Nd3 46.
b5 Nc5 47.a5 g5 48.b6 Kg6 49.b7 Na6 50.Kg4 h5+ 51.Kf3 Kf5 52.Ke3 g4 53.Kf2
Kf4 54.Kg2 g3 55.Kf1 h4 0-1

[Event "zonal 1.8"]
[Site "Minsk BLR"]
[Date "2000.06.05"]
[Round "10"]
[White "Deseatnicov, Ivan"]
[Black "Khruschiov, Alexei"]
[Result "0-1"]
[WhiteElo "2266"]
[BlackElo "2281"]
[EventDate "2000.05.26"]
[PlyCount "47"]

1.e4 e5 2.Nf3 Nc6 3.Bb5 a6 4.Ba4 Nf6 5.O-O Be7 6.Re1 b5 7.Bb3 O-O 8.h3 Bb7
9.d3 d6 10.a3 Qd7 11.Nc3 Rae8 12.Nd5 Bd8 13.Ba2 Kh8 14.Ne3 Ne7 15.Nh2 d5 
16.exd5 Nfxd5 17.Nhg4 f6 18.g3 Nb6 19.f3 Ng6 20.h4 f5 21.h5 fxg4 22.hxg6 
Rxf3 23.Kh2 Qc6 24.Nxg4 0-1

[Event "zonal 1.8"]
[Site "Minsk BLR"]
[Date "2000.06.05"]
[Round "10"]
[White "Iordachescu, Viorel"]
[Black "Svetuschin, Dumitru"]
[Result "1/2-1/2"]
[WhiteElo "2560"]
[BlackElo "2486"]
[EventDate "2000.05.26"]
[PlyCount "68"]

1.e4 c6 2.d4 d5 3.Nd2 dxe4 4.Nxe4 Bf5 5.Ng3 Bg6 6.h4 h6 7.Nf3 e6 8.Ne5 Bh7
9.Bd3 Bxd3 10.Qxd3 Nf6 11.Bf4 Qa5+ 12.c3 Nbd7 13.Nc4 Qd5 14.Qe2 Be7 15.O-O
O-O 16.Rfd1 Rfd8 17.b4 Nb6 18.Ne5 Qb5 19.Qf3 a5 20.Bxh6 Qd5 21.bxa5 Nbd7 
22.Bg5 Nxe5 23.dxe5 Qxe5 24.Re1 Qxa5 25.Ne4 Nd5 26.c4 Bxg5 27.cxd5 Be7 28.
dxe6 fxe6 29.Qb3 Qd5 30.Qxb7 Bxh4 31.g3 Rab8 32.Qc7 Rbc8 33.Qb7 Rb8 34.Qc7
Rbc8 1/2-1/2

[Event "zonal 1.8"]
[Site "Minsk BLR"]
[Date "2000.06.05"]
[Round "10"]
[White "Kovalev, Andrei"]
[Black "Kupreichik, Viktor"]
[Result "1-0"]
[WhiteElo "2490"]
[BlackElo "2480"]
[EventDate "2000.05.26"]
[PlyCount "85"]

1.e4 e6 2.d4 d5 3.Nc3 Bb4 4.e5 c5 5.a3 Bxc3+ 6.bxc3 Qc7 7.Nf3 Ne7 8.h4 
Nbc6 9.h5 h6 10.Bf4 Bd7 11.Qd2 Rc8 12.Bd3 Na5 13.O-O Nc4 14.Qe2 Nb6 15.Qe1
Na4 16.Rb1 Nc6 17.Bd2 Na5 18.dxc5 Nxc5 19.Nd4 a6 20.f4 O-O 21.Qg3 Nc4 22.
f5 Qxe5 23.Bf4 Qf6 24.fxe6 Bxe6 25.Bd6 Qg5 26.Qxg5 hxg5 27.Bxf8 Rxf8 28.
Bxc4 dxc4 29.Nxe6 fxe6 30.Rxf8+ Kxf8 31.Rb6 Ke7 32.Kf2 Kd7 33.Ke3 Kc7 34.
Rb1 Kd6 35.Rf1 Ke7 36.Kd4 b6 37.Kxc4 Ne4 38.Kd4 Nd6 39.c4 Nc8 40.Rb1 Kd7 
41.Ke5 Ke7 42.Rd1 g4 43.Rd4 1-0

[Event "zonal 1.8"]
[Site "Minsk BLR"]
[Date "2000.06.05"]
[Round "10"]
[White "Zulfugarli, Mahomed"]
[Black "Azarov, Sergei"]
[Result "1-0"]
[WhiteElo "2479"]
[BlackElo "2429"]
[EventDate "2000.05.26"]
[PlyCount "59"]

1.e4 e5 2.Nf3 Nc6 3.Bb5 a6 4.Ba4 Nf6 5.Qe2 Be7 6.c3 b5 7.Bb3 O-O 8.O-O d5 
9.d3 d4 10.h3 Bb7 11.Rd1 Nd7 12.Bd5 Bf6 13.Nbd2 Na5 14.Bxb7 Nxb7 15.cxd4 
exd4 16.Nh2 g6 17.f4 Bg7 18.Ndf3 c5 19.Qf2 Nd6 20.b4 cxb4 21.Bb2 a5 22.
Bxd4 Bxd4 23.Nxd4 Qb6 24.Nhf3 Nc5 25.f5 Rac8 26.Kh1 Nd7 27.Qh4 Rfe8 28.Qh6
Red8 29.Rf1 Ne5 30.Ng5 1-0

[Event "zonal 1.8"]
[Site "Minsk BLR"]
[Date "2000.06.06"]
[Round "11"]
[White "Azarov, Sergei"]
[Black "Deseatnicov, Ivan"]
[Result "1/2-1/2"]
[WhiteElo "2429"]
[BlackElo "2266"]
[EventDate "2000.05.26"]
[PlyCount "85"]

1.e4 d6 2.d4 Nf6 3.Nc3 g6 4.Nf3 Bg7 5.Be2 O-O 6.O-O a6 7.a4 Nc6 8.a5 e5 9.
d5 Ne7 10.Nd2 Ne8 11.Nc4 f5 12.exf5 gxf5 13.f4 Ng6 14.Bh5 Nxf4 15.Bxf4 
exf4 16.Ne2 Qg5 17.Nxf4 Nf6 18.Ra3 Ne4 19.Rh3 Bd7 20.Ne6 Bxe6 21.dxe6 f4 
22.Bf7+ Kh8 23.Qd3 Qc5+ 24.Kh1 Qd4 25.Rxf4 Qxd3 26.Rxd3 Ng5 27.Rf5 Rae8 
28.Re3 Nxf7 29.Rxf7 Bh6 30.Rxf8+ Rxf8 31.Re1 Kg7 32.g4 Kf6 33.h4 Bf4 34.
Kg2 Ke7 35.g5 Rf5 36.Kh3 Rc5 37.Re4 Bc1 38.Ne3 Bxe3 39.Rxe3 Rxc2 40.h5 Rc5
41.Kg4 Rc4+ 42.Kg3 Rc5 43.Kg4 1/2-1/2

[Event "zonal 1.8"]
[Site "Minsk BLR"]
[Date "2000.06.06"]
[Round "11"]
[White "Gashimov, Vugar"]
[Black "Iordachescu, Viorel"]
[Result "1/2-1/2"]
[WhiteElo "2426"]
[BlackElo "2560"]
[EventDate "2000.05.26"]
[PlyCount "34"]

1.e4 c6 2.d4 d5 3.Nc3 dxe4 4.Nxe4 Nd7 5.Ng5 Ngf6 6.Bd3 e6 7.N1f3 Bd6 8.Qe2
h6 9.Ne4 Nxe4 10.Qxe4 Qe7 11.Bd2 c5 12.dxc5 Nxc5 13.Bb5+ Kf8 14.Qe3 a6 15.
Be2 b6 16.Bc3 Bb7 17.Be5 Bxe5 1/2-1/2

[Event "zonal 1.8"]
[Site "Minsk BLR"]
[Date "2000.06.06"]
[Round "11"]
[White "Khruschiov, Alexei"]
[Black "Alexandrov, Alexei"]
[Result "1/2-1/2"]
[WhiteElo "2281"]
[BlackElo "2606"]
[EventDate "2000.05.26"]
[PlyCount "92"]

1.e4 e5 2.Nf3 Nc6 3.Bb5 Nf6 4.O-O Nxe4 5.d4 Nd6 6.Bxc6 dxc6 7.dxe5 Nf5 8.
Qxd8+ Kxd8 9.Nc3 Ke8 10.h3 a5 11.Bd2 a4 12.a3 Bc5 13.Ne4 Bb6 14.Bc3 Be6 
15.Rad1 c5 16.g4 Ne7 17.Kg2 Rd8 18.Kg3 h6 19.Bd2 Bd5 20.Nc3 Bc6 21.Rfe1 
Ba5 22.Ne4 Bxd2 23.Nfxd2 b6 24.f4 g6 25.Nf6+ Kf8 26.Nf1 Kg7 27.Ne3 b5 28.
h4 b4 29.h5 Rd4 30.hxg6 fxg6 31.c3 Rxd1 32.Rxd1 bxa3 33.bxa3 Rb8 34.f5 Rb3
35.Nd7 Rxc3 36.Kf2 gxf5 37.gxf5 Nxf5 38.Nxf5+ Kf7 39.Nxh6+ Ke6 40.Nf8+ 
Kxe5 41.Re1+ Kd5 42.Ng4 c4 43.Nf6+ Kc5 44.Ne6+ Kb6 45.Nd4 Rd3 46.Nxc6 Kxc6
1/2-1/2

[Event "zonal 1.8"]
[Site "Minsk BLR"]
[Date "2000.06.06"]
[Round "11"]
[White "Kupreichik, Viktor"]
[Black "Zulfugarli, Mahomed"]
[Result "0-1"]
[WhiteElo "2480"]
[BlackElo "2479"]
[EventDate "2000.05.26"]
[PlyCount "74"]

1.e4 e5 2.Nf3 Nc6 3.Bb5 a6 4.Ba4 Nf6 5.O-O Be7 6.Re1 b5 7.Bb3 d6 8.a4 Bg4 
9.c3 O-O 10.h3 Bxf3 11.Qxf3 Na5 12.Bd1 c5 13.d3 b4 14.cxb4 cxb4 15.Be3 Nd7
16.d4 Bf6 17.Bd2 Nc6 18.dxe5 Bxe5 19.Ra2 Nc5 20.b3 Re8 21.Kh1 Nd4 22.Qe3 
Bf6 23.Bxb4 Rxe4 24.Qg3 Nf5 25.Qf3 Nh4 26.Qxe4 Nxe4 27.Rxe4 d5 28.Re1 h6 
29.Rae2 Qd7 30.Bc2 g6 31.Bd3 Qb7 32.Bd2 Qxb3 33.Re3 Bd4 34.Bxg6 Bxe3 35.
Rxe3 Qa2 36.Bd3 Rb8 37.Rg3+ Ng6 0-1

[Event "zonal 1.8"]
[Site "Minsk BLR"]
[Date "2000.06.06"]
[Round "11"]
[White "Svetuschin, Dumitru"]
[Black "Ibrahimov, Rasul"]
[Result "1/2-1/2"]
[WhiteElo "2486"]
[BlackElo "2415"]
[EventDate "2000.05.26"]
[PlyCount "52"]

1.e4 c5 2.Nf3 d6 3.d4 cxd4 4.Nxd4 Nf6 5.Nc3 e6 6.f3 Nc6 7.Be3 Be7 8.Qd2 
O-O 9.g4 d5 10.g5 Nxd4 11.Qxd4 Nh5 12.exd5 Bxg5 13.O-O-O Qf6 14.Bxg5 Qxg5+
15.Kb1 exd5 16.Nxd5 Be6 17.Bc4 Bxd5 18.Bxd5 Rad8 19.Rhg1 Qf5 20.Qc4 b6 21.
Rg4 g6 22.Rgd4 Rc8 23.Qa4 Rc7 24.Bb3 Rfc8 25.a3 Kg7 26.f4 Nf6 1/2-1/2

[Event "zonal 1.8"]
[Site "Minsk BLR"]
[Date "2000.06.07"]
[Round "12"]
[White "Alexandrov, Alexei"]
[Black "Dovliatov, Sanan"]
[Result "1-0"]
[WhiteElo "2606"]
[BlackElo "2327"]
[EventDate "2000.05.26"]
[PlyCount "83"]

1.d4 f5 2.Nf3 Nf6 3.g3 g6 4.Bg2 Bg7 5.O-O O-O 6.c4 d6 7.Nc3 c6 8.b4 e5 9.
dxe5 dxe5 10.Qb3 e4 11.Rd1 Qe7 12.Nd4 Kh8 13.c5 Ng4 14.h3 Ne5 15.f4 exf3 
16.exf3 Rd8 17.Bb2 Na6 18.f4 Rxd4 19.Rxd4 Nf3+ 20.Bxf3 Bxd4+ 21.Kg2 Bg7 
22.Ne2 Be6 23.Qa3 Rd8 24.Re1 Bd5 25.Bxd5 Rxd5 26.Kf2 Qe4 27.Bxg7+ Kxg7 28.
Qb2+ Kg8 29.a3 Qd3 30.h4 Nc7 31.h5 gxh5 32.Qf6 Rd7 33.Ng1 Rf7 34.Qh6 Qxa3 
35.Qg5+ Kf8 36.Qd8+ Kg7 37.Qd4+ Kg6 38.Nf3 Qa2+ 39.Re2 Qd5 40.Qh8 Kh6 41.
Rd2 Qb3 42.Ng5 1-0

[Event "zonal 1.8"]
[Site "Minsk BLR"]
[Date "2000.06.07"]
[Round "12"]
[White "Ibrahimov, Rasul"]
[Black "Gashimov, Vugar"]
[Result "1/2-1/2"]
[WhiteElo "2415"]
[BlackElo "2426"]
[EventDate "2000.05.26"]
[PlyCount "24"]

1.d4 d5 2.Nf3 Nf6 3.Bg5 Ne4 4.h4 c5 5.dxc5 Nc6 6.Nbd2 Nxc5 7.Nb3 Ne4 8.e3 
f6 9.Bf4 e5 10.Bh2 Be6 11.Nfd2 Nxd2 12.Qxd2 Be7 1/2-1/2

[Event "zonal 1.8"]
[Site "Minsk BLR"]
[Date "2000.06.07"]
[Round "12"]
[White "Khruschiov, Alexei"]
[Black "Azarov, Sergei"]
[Result "1-0"]
[WhiteElo "2281"]
[BlackElo "2429"]
[EventDate "2000.05.26"]
[PlyCount "77"]

1.e4 e5 2.Nf3 Nc6 3.Bb5 a6 4.Bxc6 dxc6 5.O-O f6 6.d4 exd4 7.Nxd4 c5 8.Nb3 
Qxd1 9.Rxd1 Bg4 10.f3 Bd7 11.c4 O-O-O 12.Nc3 b6 13.Be3 Ne7 14.Nc1 Nc6 15.
N1e2 g6 16.Rd2 Bg7 17.Rad1 Be6 18.Nd5 Rhe8 19.Kf2 f5 20.exf5 Bxf5 21.g4 
Be6 22.b3 Rf8 23.h3 Rde8 24.Re1 Ne5 25.Ng1 Kb7 26.Nf4 Bg8 27.Nd3 Nc6 28.
Rde2 Rd8 29.Nf4 Be5 30.Ng2 Nb4 31.Kf1 Bg3 32.Rb1 a5 33.a4 h5 34.Ne1 Bxe1 
35.Kxe1 Rd3 36.Kf2 Bf7 37.gxh5 gxh5 38.h4 Bg6 39.Reb2 1-0

[Event "zonal 1.8"]
[Site "Minsk BLR"]
[Date "2000.06.08"]
[Round "13"]
[White "Azarov, Sergei"]
[Black "Alexandrov, Alexei"]
[Result "1-0"]
[WhiteElo "2429"]
[BlackElo "2606"]
[EventDate "2000.05.26"]
[PlyCount "119"]

1.e4 e5 2.Nf3 Nc6 3.Bb5 Nf6 4.d3 d6 5.c3 g6 6.O-O Bg7 7.Nbd2 O-O 8.Re1 Bd7
9.Ba4 Nh5 10.Nf1 Qe8 11.Bc2 Kh8 12.d4 f6 13.Ne3 Rc8 14.b3 Nf4 15.Bb2 Nd8 
16.Qd2 Nf7 17.Rad1 Rd8 18.c4 c5 19.dxc5 dxc5 20.Qa5 Ne6 21.Nd5 Bc6 22.a3 
Nd6 23.a4 Qf7 24.Qc3 Rfe8 25.a5 Nd4 26.Ba3 Bxd5 27.exd5 Nxc2 28.Qxc2 Qc7 
29.a6 b6 30.Bb2 b5 31.Nd2 Qb6 32.Ra1 Kg8 33.Bc3 b4 34.Bb2 f5 35.f3 h5 36.
Nf1 Nf7 37.Ne3 Rb8 38.Nd1 Re7 39.Nf2 Rbe8 40.Nd3 g5 41.Qf2 Rc8 42.f4 gxf4 
43.Nxf4 Ng5 44.Nxh5 Qg6 45.Nf4 Qh6 46.d6 Qxd6 47.Rad1 Qxa6 48.Nd5 Rf7 49.
Bxe5 Ne4 50.Qf4 Qa2 51.Ra1 Qc2 52.Bxg7 Rxg7 53.Ne3 Qb2 54.Qxf5 Re8 55.Qd5+
Rf7 56.Rf1 Nf6 57.Qxc5 Rg7 58.Rxa7 Rg6 59.Qf5 Rg7 60.Rxg7+ 1-0

[Event "zonal 1.8"]
[Site "Minsk BLR"]
[Date "2000.06.08"]
[Round "13"]
[White "Kasparov, Sergei"]
[Black "Deseatnicov, Ivan"]
[Result "1-0"]
[WhiteElo "2465"]
[BlackElo "2266"]
[EventDate "2000.05.26"]
[PlyCount "68"]

1.d4 d5 2.c4 c6 3.cxd5 cxd5 4.Nf3 Nc6 5.Nc3 Nf6 6.Bf4 e6 7.e3 Nh5 8.Be5 f6
9.Bg3 Nxg3 10.hxg3 f5 11.Bd3 Bd7 12.g4 fxg4 13.Nh4 Qg5 14.Ng6 Rg8 15.Rxh7 
O-O-O 16.Qd2 e5 17.dxe5 Bf5 18.Nf4 Nxe5 19.Bxf5+ Qxf5 20.Nb5 Kb8 21.Rh5 g5
22.Qa5 Nc6 23.Qc7+ Ka8 24.Rh7 Bb4+ 25.Kf1 Be7 26.Rxe7 Nxe7 27.Qxe7 gxf4 
28.Qc5 Kb8 29.Qc7+ Ka8 30.Qc5 Kb8 31.Rc1 Qd3+ 32.Kg1 Qc4 33.Qxa7+ Kc8 34.
Nd6+ Rxd6 1-0